1204 1410 1641 1605 1425 1545 1741 1611 1907 1503 1541 1388 1656 1405 1999 1574 1691 1793 1519 1974 1405 1091 1590 1899 1869 1056 1429 1793 1276 1709 1241 1478 1267 1264 1670 1730 1757 1220 1523 1843 1520 1802 1343 1033 1791 1895 1025 1965 1644 1079 1466 1387 1630 1569 1726 1545 1311 1194 1942 1275 1970 1764 1543 1288 1957 1500 1176 1646 1495 1959 1627 1466 1852 1593 1888 1524 1037 1852 1016 1767 1507 1396 1154 1489 1256 1870 1952 1821 1997 1596 1282 1741 1409 1901 1732 1399 1935 1922 1836 BCNSPRNW ULIB Ver.6.0+V

เปลี่ยนเป็นภาษาไทย

Change to English
 แสดงรายละเอียดบรรณานุกรม
  กลับหน้าหลัก

Brief Record : Get Marc (ISO 2709) : E-mail record : QR code < ปิดหน้าต่าง
LEADER : 00000nam 2200000uu 4500
001    13399128749
003     ULIB
008    240828s2566||||th 000 0 tha d
020    ^a9786164438309
060  0 ^aWD210^bอ331ก
100 0  ^aอรพร ดำรงวงศ์ศิริ (บ.ก.)
245 00 ^aChildhood obesity: A comprehensive approach and management/^cอรพร ดำรงวงศ์ศิริ (บรรณาธิการ)
246 00 ^aการดูแลรักษาโรคอ้วนในเด็ก
250    ^aพิมพ์ครั้งที่ 1
260    ^aกรุงเทพฯ:^bภาควิชากุมารเวชศาสตร์ คณะแพทยศาสตร์โรงพยาบาลรามาธิบดี มหาวิทยาลัยมหิดล,^c2566
650  0 ^aโรคอ้วนในเด็ก
650  0 ^aโรคอ้วนในเด็ก -- การป้องกัน
650  0 ^aเด็กน้ำหนักเกิน
856    ^a^zสารบัญ^uhttps://drive.google.com/file/d/1TmM79q8nauUVEZLV2h7qMuj1-EM1kZ4m/view?usp=sharing
945    ^p450^l0^i010661
945    ^p450^l0^i010662
945    ^p450^l0^i010663
999    ^aประนอม เกษจรัล
รายการนี้ยังไม่มีแท็ก
คุณยังไม่ได้ล็อกอิน คุณสามารถมีกิจกรรมร่วมกับเว็บไซต์ได้ แต่ต้องล็อกอินก่อน ::
  ล็อกอิน

รายการสื่อสารสนเทศ

ลำดับที่ ประเภท เลขเรียก/บาร์โค้ด สถานที่ สถานะ
1. วิทยาศาสตร์การแพทย์ และสุขภาพ
หนังสือสำรอง
สถานะ=หนังสือสำรอง
WD210 อ331ก ฉ.1 
  Barcode: 010661
ห้องสมุดวิทยาเขตสวรรค์ประชารักษ์
►หนังสือทั่วไป
บนชั้น
2. วิทยาศาสตร์การแพทย์ และสุขภาพ
วิทยาศาสตร์การแพทย์ และสุขภาพ
WD210 อ331ก ฉ.2 
  Barcode: 010662
ห้องสมุดวิทยาเขตสวรรค์ประชารักษ์
►หนังสือทั่วไป
บนชั้น
3. วิทยาศาสตร์การแพทย์ และสุขภาพ
วิทยาศาสตร์การแพทย์ และสุขภาพ
WD210 อ331ก ฉ.3 
  Barcode: 010663
ห้องสมุดวิทยาเขตสวรรค์ประชารักษ์
►หนังสือทั่วไป
บนชั้น

รายการใกล้เคียง
    ผู้แต่ง [อรพร ดำรงวงศ์ศิริ (บ.ก.)]

    หัวเรื่อง [โรคอ้วนในเด็ก]
    หัวเรื่อง [โรคอ้วนในเด็ก -- การป้องกัน]
    หัวเรื่อง [เด็กน้ำหนักเกิน]

BibComment


ยังไม่เคยถูกคอมเมนท์

คอมเมนท์ทรัพยากรรายการนี้
  คอมเมนท์: Childhood obesit..


 Copyright 2026. Bcnsprnw @Library